<?xml version="1.0" encoding="UTF-8"?><?xml-stylesheet type="text/xsl" href="static/style.xsl"?><OAI-PMH xmlns="http://www.openarchives.org/OAI/2.0/" xmlns:xsi="http://www.w3.org/2001/XMLSchema-instance" xsi:schemaLocation="http://www.openarchives.org/OAI/2.0/ http://www.openarchives.org/OAI/2.0/OAI-PMH.xsd"><responseDate>2026-04-17T04:15:41Z</responseDate><request verb="GetRecord" identifier="oai:riubu.ubu.es:10259/8240" metadataPrefix="marc">https://riubu.ubu.es/oai/request</request><GetRecord><record><header><identifier>oai:riubu.ubu.es:10259/8240</identifier><datestamp>2024-02-14T10:45:40Z</datestamp><setSpec>com_10259_4252</setSpec><setSpec>com_10259.4_2542</setSpec><setSpec>com_10259.4_106</setSpec><setSpec>com_10259_2604</setSpec><setSpec>col_10259_4253</setSpec></header><metadata><record xmlns="http://www.loc.gov/MARC21/slim" xmlns:doc="http://www.lyncode.com/xoai" xmlns:xsi="http://www.w3.org/2001/XMLSchema-instance" xmlns:dcterms="http://purl.org/dc/terms/" xsi:schemaLocation="http://www.loc.gov/MARC21/slim http://www.loc.gov/standards/marcxml/schema/MARC21slim.xsd">
<leader>00925njm 22002777a 4500</leader>
<datafield tag="042" ind1=" " ind2=" ">
<subfield code="a">dc</subfield>
</datafield>
<datafield tag="720" ind1=" " ind2=" ">
<subfield code="a">Román Pérez, Raquel de</subfield>
<subfield code="e">author</subfield>
</datafield>
<datafield tag="260" ind1=" " ind2=" ">
<subfield code="c">2023</subfield>
</datafield>
<datafield tag="024" ind2=" " ind1="8">
<subfield code="a">978-84-290-2760-0</subfield>
</datafield>
<datafield tag="024" ind2=" " ind1="8">
<subfield code="a">http://hdl.handle.net/10259/8240</subfield>
</datafield>
<datafield tag="024" ind2=" " ind1="8">
<subfield code="a">10.30462/9788429027600</subfield>
</datafield>
<datafield ind1=" " ind2=" " tag="653">
<subfield code="a">Propiedad intelectual</subfield>
</datafield>
<datafield ind1=" " ind2=" " tag="653">
<subfield code="a">Derechos de autor</subfield>
</datafield>
<datafield ind1=" " ind2=" " tag="653">
<subfield code="a">Intellectual property</subfield>
</datafield>
<datafield ind1=" " ind2=" " tag="653">
<subfield code="a">Copyright</subfield>
</datafield>
<datafield tag="245" ind1="0" ind2="0">
<subfield code="a">Artistas intérpretes o ejecutantes en “el metaverso”: inteligencia artificial y Propiedad Intelectual</subfield>
</datafield>
</record></metadata></record></GetRecord></OAI-PMH>